Les sous-préfectures sans .... ou avec... (2) - Statistiques

Statistiques générales
  • Ce quiz a été pris 22 fois
  • Le résultat moyen est 123 sur 176
Statistiques - réponses
Hint Réponse % Correct
Ne commence pas par R mais avec au moins un R Dunkerque
94%
Ne commence pas par P mais avec au moins un P | Ne commence pas par R mais avec au moins un R Aix-en-Provence
88%
Ne commence pas par R mais avec au moins un R Avranches
88%
Ne commence pas par R mais avec au moins un R | Ne commence pas par S, ne termine pas par S mais avec au moins un S Brest
88%
Ne commence pas par R mais avec au moins un R Dreux
88%
Ne commence pas par R mais avec au moins un R Libourne
88%
Ne commence pas par R mais avec au moins un R Lorient
88%
Ne commence pas par R mais avec au moins un R Morlaix
88%
Ne commence pas par R mais avec au moins un R Narbonne
88%
Ne commence pas par R mais avec au moins un R Arcachon
82%
Ne commence pas par R mais avec au moins un R Argenteuil
82%
Ne commence pas par R mais avec au moins un R Barcelonnette
82%
Ne commence pas par R mais avec au moins un R Bergerac
82%
Ne commence pas par R mais avec au moins un R | Ne commence pas par S, ne termine pas par S mais avec au moins un S Boulogne-sur-Mer
82%
Ne commence pas par R mais avec au moins un R Castres
82%
Ne commence pas par R mais avec au moins un R Corte
82%
Ne commence pas par R mais avec au moins un R Fougères
82%
Ne commence pas par R mais avec au moins un R | Ne commence pas par S, ne termine pas par S mais avec au moins un S Issoire
82%
Ne commence pas par R mais avec au moins un R Istres
82%
Ne commence pas par R mais avec au moins un R Marmande
82%
Ne commence pas par R mais avec au moins un R Montargis
82%
Ne commence pas par R mais avec au moins un R Montbéliard
82%
Ne commence pas par R mais avec au moins un R Muret
82%
Ne commence pas par R mais avec au moins un R | Ne commence pas par S, ne termine pas par S mais avec au moins un S Oloron-Sainte-Marie
82%
Ne commence pas par R mais avec au moins un R Pontarlier
82%
Ne commence pas par P mais avec au moins un P | Ne commence pas par R mais avec au moins un R Saint-Pierre
82%
Ne commence pas par R mais avec au moins un R Sartène
82%
Ne commence pas par R mais avec au moins un R Thiers
82%
Ne commence pas par R mais avec au moins un R | Ne commence pas par S, ne termine pas par S mais avec au moins un S Tournon-sur-Rhône
82%
Ne commence pas par R mais avec au moins un R | Ne commence pas par S, ne termine pas par S mais avec au moins un S Villefranche-sur-Saône
82%
Ne commence pas par R mais avec au moins un R Argentan
76%
Ne commence pas par R mais avec au moins un R Boulogne-Billancourt
76%
Ne commence pas par R mais avec au moins un R Briançon
76%
Ne commence pas par R mais avec au moins un R Brive-la-Gaillarde
76%
Ne commence pas par R mais avec au moins un R | Ne commence pas par S, ne termine pas par S mais avec au moins un S Castelsarrasin
76%
Ne commence pas par R mais avec au moins un R Châteaubriant
76%
Ne commence pas par R mais avec au moins un R Cherbourg-en-Cotentin
76%
Ne commence pas par R mais avec au moins un R | Ne commence pas par S, ne termine pas par S mais avec au moins un S Cosne-Cours-sur-Loire
76%
Ne commence pas par P mais avec au moins un P | Ne commence pas par R mais avec au moins un R Épernay
76%
Ne commence pas par R mais avec au moins un R | Ne commence pas par S, ne termine pas par S mais avec au moins un S Grasse
76%
Ne commence pas par R mais avec au moins un R Largentière
76%
Ne commence pas par R mais avec au moins un R Le Havre
76%
Ne commence pas par P mais avec au moins un P | Ne commence pas par R mais avec au moins un R | Ne commence pas par S, ne termine pas par S mais avec au moins un S Lesparre-Médoc
76%
Ne commence pas par R mais avec au moins un R Montmorillon
76%
Ne commence pas par R mais avec au moins un R | Ne commence pas par S, ne termine pas par S mais avec au moins un S Montreuil-sur-Mer
76%
Ne commence pas par R mais avec au moins un R Nogent-le-Rotrou
76%
Ne commence pas par R mais avec au moins un R | Ne commence pas par S, ne termine pas par S mais avec au moins un S Nogent-sur-Marne
76%
Ne commence pas par R mais avec au moins un R Nontron
76%
Ne commence pas par R mais avec au moins un R Pithiviers
76%
Ne commence pas par R mais avec au moins un R Pointe-à-Pitre
76%
Ne commence pas par R mais avec au moins un R Saint-Amand-Montrond
76%
Ne commence pas par R mais avec au moins un R Saint-Laurent-du-Maroni
76%
Ne commence pas par R mais avec au moins un R Sarlat-la-Canéda
76%
Ne commence pas par R mais avec au moins un R Vierzon
76%
Ne commence pas par R mais avec au moins un R Villefranche-de-Rouergue
76%
Ne commence pas par R mais avec au moins un R Vouziers
76%
Ne commence pas par R mais avec au moins un R Albertville
71%
Ne commence pas par R mais avec au moins un R Arles
71%
Ne commence pas par R mais avec au moins un R | Ne commence pas par S, ne termine pas par S mais avec au moins un S Bagnères-de-Bigorre
71%
Ne commence pas par R mais avec au moins un R | Ne commence pas par S, ne termine pas par S mais avec au moins un S Bressuire
71%
Ne commence pas par R mais avec au moins un R Brioude
71%
Ne commence pas par P mais avec au moins un P | Ne commence pas par R mais avec au moins un R Carpentras
71%
Ne commence pas par R mais avec au moins un R Céret
71%
Ne commence pas par R mais avec au moins un R | Ne commence pas par S, ne termine pas par S mais avec au moins un S Chalon-sur-Saône
71%
Ne commence pas par R mais avec au moins un R Château-Thierry
71%
Ne commence pas par R mais avec au moins un R Commercy
71%
Ne commence pas par R mais avec au moins un R Draguignan
71%
Ne commence pas par R mais avec au moins un R Forcalquier
71%
Ne commence pas par P mais avec au moins un P | Ne commence pas par R mais avec au moins un R La Tour-du-Pin
71%
Ne commence pas par R mais avec au moins un R Le Raincy
71%
Ne commence pas par S, ne termine pas par S mais avec au moins un S Les Sables-d'Olonne
71%
Ne commence pas par R mais avec au moins un R L'Haÿ-les-Roses
71%
Ne commence pas par S, ne termine pas par S mais avec au moins un S Mantes-la-Jolie
71%
Ne commence pas par R mais avec au moins un R Mirande
71%
Ne commence pas par R mais avec au moins un R Montbard
71%
Ne commence pas par R mais avec au moins un R Nérac
71%
Ne commence pas par R mais avec au moins un R | Ne commence pas par S, ne termine pas par S mais avec au moins un S Nogent-sur-Seine
71%
Ne commence pas par R mais avec au moins un R Saint-Dizier
71%
Ne commence pas par R mais avec au moins un R Saint-Girons
71%
Ne commence pas par R mais avec au moins un R Saint-Jean-de-Maurienne
71%
Ne commence pas par R mais avec au moins un R Saint-Nazaire
71%
Ne commence pas par R mais avec au moins un R Sarreguemines
71%
Ne commence pas par R mais avec au moins un R Verdun
71%
Ne commence pas par S, ne termine pas par S mais avec au moins un S Yssingeaux
71%
Ne commence pas par R mais avec au moins un R Ambert
65%
Ne commence pas par P mais avec au moins un P Apt
65%
Ne commence pas par P mais avec au moins un P | Ne commence pas par R mais avec au moins un R | Ne commence pas par S, ne termine pas par S mais avec au moins un S Avesnes-sur-Helpe
65%
Ne commence pas par R mais avec au moins un R Béziers
65%
Ne commence pas par R mais avec au moins un R Charolles
65%
Ne commence pas par R mais avec au moins un R Châtellerault
65%
Ne commence pas par P mais avec au moins un P Compiègne
65%
Ne commence pas par P mais avec au moins un P Dieppe
65%
Ne commence pas par R mais avec au moins un R Gourdon
65%
Ne commence pas par P mais avec au moins un P Guingamp
65%
Ne commence pas par R mais avec au moins un R La Châtre
65%
Ne commence pas par R mais avec au moins un R Lure
65%
Ne commence pas par R mais avec au moins un R Mamers
65%
Ne commence pas par R mais avec au moins un R Mauriac
65%
Ne commence pas par P mais avec au moins un P | Ne commence pas par R mais avec au moins un R Mortagne-au-Perche
65%
Ne commence pas par R mais avec au moins un R Parthenay
65%
Ne commence pas par R mais avec au moins un R Prades
65%
Ne commence pas par R mais avec au moins un R Provins
65%
Ne commence pas par R mais avec au moins un R Saint-Omer
65%
Ne commence pas par R mais avec au moins un R Sarrebourg
65%
Ne commence pas par R mais avec au moins un R Saverne
65%
Ne commence pas par R mais avec au moins un R Torcy
65%
Ne commence pas par R mais avec au moins un R | Ne commence pas par S, ne termine pas par S mais avec au moins un S Villeneuve-sur-Lot
65%
Ne commence pas par R mais avec au moins un R | Ne commence pas par S, ne termine pas par S mais avec au moins un S Vitry-le-François
65%
Ne commence pas par R mais avec au moins un R | Ne commence pas par S, ne termine pas par S mais avec au moins un S Argelès-Gazost
59%
Ne commence pas par R mais avec au moins un R | Ne commence pas par S, ne termine pas par S mais avec au moins un S Bar-sur-Aube
59%
Ne commence pas par R mais avec au moins un R Brignoles
59%
Ne commence pas par R mais avec au moins un R Cambrai
59%
Ne commence pas par S, ne termine pas par S mais avec au moins un S Castellane
59%
Ne commence pas par R mais avec au moins un R | Ne commence pas par S, ne termine pas par S mais avec au moins un S Château-Gontier-sur-Mayenne
59%
Ne commence pas par R mais avec au moins un R Florac Trois Rivières
59%
Ne commence pas par R mais avec au moins un R Forbach
59%
Ne commence pas par R mais avec au moins un R Langres
59%
Ne commence pas par R mais avec au moins un R La Trinité
59%
Ne commence pas par R mais avec au moins un R | Ne commence pas par S, ne termine pas par S mais avec au moins un S Montbrison
59%
Ne commence pas par S, ne termine pas par S mais avec au moins un S Mulhouse
59%
Ne commence pas par S, ne termine pas par S mais avec au moins un S Palaiseau
59%
Ne commence pas par R mais avec au moins un R Pamiers
59%
Ne commence pas par R mais avec au moins un R Saint-Flour
59%
Ne commence pas par R mais avec au moins un R Saint-Georges
59%
Ne commence pas par R mais avec au moins un R Saint-Germain-en-Laye
59%
Ne commence pas par R mais avec au moins un R Sarcelles
59%
Ne commence pas par R mais avec au moins un R Vervins
59%
Ne commence pas par R mais avec au moins un R Altkirch
53%
Ne commence pas par S, ne termine pas par S mais avec au moins un S Aubusson
53%
Ne commence pas par R mais avec au moins un R Clermont
53%
Ne commence pas par P mais avec au moins un P Étampes
53%
Ne commence pas par S, ne termine pas par S mais avec au moins un S Issoudun
53%
Ne commence pas par R mais avec au moins un R Le Marin
53%
Ne commence pas par S, ne termine pas par S mais avec au moins un S Lisieux
53%
Ne commence pas par R mais avec au moins un R Montdidier
53%
Ne commence pas par R mais avec au moins un R Péronne
53%
Ne commence pas par P mais avec au moins un P Saint-Paul
53%
Ne commence pas par R mais avec au moins un R Segré-en-Anjou Bleu
53%
Ne commence pas par S, ne termine pas par S mais avec au moins un S Ussel
53%
Ne commence pas par R mais avec au moins un R Vire Normandie
53%
Ne commence pas par S, ne termine pas par S mais avec au moins un S Molsheim
47%
Ne commence pas par R mais avec au moins un R Val de Briey
47%
Ne commence pas par S, ne termine pas par S mais avec au moins un S Pontoise
41%
Ne commence pas par R mais avec au moins un R Chambéry
12%
Ne commence pas par S, ne termine pas par S mais avec au moins un S Thonon-les-Bains
12%
Aucun quiz correspondant
Distribution des résultats
% des personnes avec chaque résultat
Percentile par nombre de réponses
Votre historique - résultats
Vous n’avez pas pris ce quiz